Science Quiz

Random Science or Astronomy Quiz

Planetary Profile: Jupiter Quiz Stats

 Plays Quiz Updated Jul 20, 2018

Challenge
Share
Tweet
Embed
Score 0/10 Timer 05:00
0 Plays Today
Hint Answer % Correct
Type of Planet
A) Asteroid B) Gaseous C) Terrestrial D) Lunar
???
90.6%
Greek name
A) Zeus B) Hades C) Cronus D) Hephaestus
???
90.2%
Number from the sun
A) 6 B) 4 C) 5 D) 7
???
88.2%
Demonym
A) Jupiterian B) Jupitron C) Jovian D) Joverian
???
77.9%
Largest moon
A) Ganymede B) Io C) Europa D) Callisto
???
65.1%
Year of first flyby by a probe
A) 1973 B) 1970 C) 1969 D) 1979
???
61.3%
Most abundant element in atmosphere
A) Nitrogen B) Hydrogen C) Carbon Dioxide D) Helium
???
60.6%
Approximate mass compared to Earth
A) 243 B) 108 C) 317 D) 400
???
55.7%
Last probe to photograph Jupiter or its moons
A) Pioneer 11 B) Cassini C) New Horizons D) Juno
???
51.5%
Number of known moons
A) 23 B) 71 C) 56 D) 79
???
48%

You're not logged in!

Compare scores with friends on all Sporcle quizzes.
OR
Log In

You Might Also Like...

Show Comments

Extras

Top Quizzes Today


Score Distribution

Your Account Isn't Verified!

In order to create a playlist on Sporcle, you need to verify the email address you used during registration. Go to your Sporcle Settings to finish the process.

Report this User

Report this user for behavior that violates our Community Guidelines.

Details: